00378pab a2200133 454500008004000000100002000040245010200060260000900162300001500171362001200186650001800198650001000216773001800226180718b2015 xxu||||| |||| 00| 0 eng d aSultana, Shanin aUnderstanding the locale of young children in changing family milieu - measures to safeguard them c2015 ap.360-373. aOct-Dec aChild welfare aYouth aSocial Action